[Event "13th World University Championship - MEN"]
[Site "Katowice"]
[Date "2014.08.20"]
[Round "4"]
[White "Klekowski, Maciej"]
[Black "Andriasian, Zaven"]
[Result "1/2-1/2"]
[LiveChessVersion "1.4.4"]
[BlackElo "2628"]
[WhiteElo "2383"]

1. c4  e5  2. Nc3  Nc6
 3. g3  Bb4  4. Nd5
 Bc5  5. Bg2  Nf6
 6. e3  Nxd5  7. cxd5
 Ne7  8. Nf3  e4 
9. Ng5  Nxd5  10. Nxe4  Be7
 11. Nc3  Nxc3  12. bxc3
 d5  13. O-O  O-O
 14. Qb3  c6  15. d4
 b6  16. Re1  Be6
 17. a4  Qd7  18. Ba3
 Bxa3  19. Qxa3  Rfe8
 20. a5  Rab8  21. axb6
 axb6  22. e4  h6
 23. Qb2  dxe4  24. Rxe4
 c5  25. Rae1  Red8
 26. h4  Qd6  27. Rf4
 b5  28. dxc5  Qxc5
 29. Rb4  Rd3  30. Rb1
 Rxg3  31. Rxb5  Rxb5
 32. Qxb5  Qxb5  33. Rxb5
 Rxc3  34. Rb8+  Kh7
 35. Be4+  f5  36. Rb6
 Bd7  37. Bd5  Be8
 38. Be6  f4  39. Bf5+
 Kg8  40. Rb4  g5
 41. hxg5  hxg5  42. Be4
 Kg7  43. Rb6  g4
 44. Kg2  Rc4  45. Bd5
 Rc5  46. Be4  Re5
 47. Bb7  Bb5  48. Ba6
 Ba4  49. Bb7  Bd1
 50. Rb4  Rf5  51. Rd4
 Be2  52. Rd2  Bc4
 53. Rd6  Bf7  54. Bc8
 Bd5+  55. Kf1  Bc4+
 56. Kg2  Rg5  57. Bb7
 Rf5  58. Bc8  Rd5
 59. Rxd5  Bxd5+  60. Kf1
 Bf3  61. Bd7  Kf6
 62. Bc8  Kg5  63. Bd7
 Kh4  64. Bc8  Kh3
 65. Kg1  Be2  66. Bd7
 Kh4  67. Kg2  Kg5
 68. Bc8  Kf6  69. Bd7
 Ke5  70. Bc8  Kd4
 71. Bd7  Kc3  72. Bc8
 Bf3+  73. Kf1  Kd2
 74. Ba6  Bd5  75. Bb5
 f3  76. Bd7  Bc4+
 77. Kg1  g3  78. fxg3
 Ke1  79. Bh3  Be6
 80. g4  Bd7  81. Bg2
 f2+  82. Kh2  Bxg4
 83. Kg3  Be2  84. Bh3
 Bf1  85. Be6  Bb5
 86. Bh3  Bd7  87. Bg2
 Be6  88. Kf4  Ke2
 89. Kg3  Bd7  90. Kf4
 Bc6  91. Bh3  Ke1
 92. Kg3  Bd7  93. Bg2
 Bb5  94. Bh3  Ba6
 95. Kf4  Bf1  96. Be6
 Bg2  97. Bc4  Bd5
 98. Bb5  Bc6  99. Bc4
 Kd2  100. Bf1  Ba4
 101. Kg3  Ke1  102. Bh3
 Bd7  103. Bg2  Bb5
 104. Bh3  Bf1  105. Be6
 Bg2  106. Bc4  Bd5
 107. Bb5  Bb3  108. Kf4
 Bd1  109. Ke3  Bg4
 110. Bc4  Bh3  111. Kf4
 Be6  112. Bb5  Bd7
 113. Bc4  Be8  114. Ba6
 Bh5  115. Ke3  Bg4
 116. Bb5  Bh3  117. Kf4
 Bf1  118. Bd7  Bc4
 119. Bh3  Bd5  120. Kg3
 Be6  121. Bg2  Bc4
 122. Bh3  Bd3  123. Kf4
 Bf1  124. Be6  Bg2
 125. Bc4  Bh3  1/2-1/2

[Event "13th World University Championship - MEN"]
[Site "Katowice"]
[Date "2014.08.20"]
[Round "4"]
[White "Shimanov, Aleksandr"]
[Black "Batchuluun, Tsegmed"]
[Result "1/2-1/2"]
[LiveChessVersion "1.4.4"]
[BlackElo "2513"]
[WhiteElo "2625"]

1. Nf3  Nf6  2. c4  e6
 3. g3  d5  4. Bg2
 dxc4  5. Qa4+  Nbd7
 6. Qxc4  a6  7. Qc2
 c5  8. Nc3  Qc7 
9. O-O  b6  10. d3  Bb7
 11. a4  Rc8  12. e4
 Be7  13. h3  O-O
 14. Be3  Rfd8  15. Rfd1
 h6  16. Rac1  Qb8
 17. Nd2  Ne5  18. Nc4
 Nxc4  19. dxc4 Rxd1+ 20. Rxd1 
Rd8  21. e5  Nd7  22. f4
 Qa8  23. a5  bxa5
 24. Na4  Bxg2  25. Qxg2
 Qxg2+  26. Kxg2  Nb6
 27. Rxd8+  Bxd8  28. Nxb6
 Bxb6  29. b3  h5
 30. Kf3  g6  31. Ke4
 Kf8  32. g4  hxg4
 33. hxg4  Ke7  34. f5
 gxf5+  35. gxf5  Ke8
 36. Bd2  1/2-1/2

[Event "13th World University Championship - MEN"]
[Site "Katowice"]
[Date "2014.08.20"]
[Round "4"]
[White "Belous, Vladimir"]
[Black "Stankovic, Milos"]
[Result "1/2-1/2"]
[LiveChessVersion "1.4.4"]
[BlackElo "2416"]
[WhiteElo "2584"]

1. c4  c5  2. Nf3  Nc6
 3. Nc3  Nd4  4. e3
 Nxf3+  5. Qxf3  g6
 6. Be2  Bg7  7. O-O
 Nh6  8. Rd1  O-O
 9. h3  d6  10. Bf1
 Rb8  11. d4  cxd4
 12. exd4  Nf5  13. d5
 e5  14. dxe6  fxe6
 15. Ne4  Qb6  16. Qb3
 Qc6  17. Ng5  Nd4
 18. Qg3  h6  19. Rxd4
 Bxd4  20. Nf3  Bg7
 21. Qxg6  Rf6  22. Qg3
 e5  23. Be3  b6 
24. Nh2  Bf5  25. Ng4  Rg6
 26. Qh4  Kh7  27. Nxh6
 Rxh6  28. Bxh6  Bxh6
 29. Rd1  Qd7  30. g4
 Rg8  31. Kh2  Bxg4
 32. hxg4  Rxg4  33. Qh3
 Qf5  34. Bg2  Kg7
 35. Kg1  Qg6  36. b3
 Rd4  37. Rxd4  exd4
 38. Qd7+  Kh8  1/2-1/2

[Event "13th World University Championship - MEN"]
[Site "Katowice"]
[Date "2014.08.20"]
[Round "4"]
[White "Krejci, Jan"]
[Black "Tomczak, Jacek"]
[Result "1/2-1/2"]
[LiveChessVersion "1.4.4"]
[BlackElo "2562"]
[WhiteElo "2531"]

1. e4  c6  2. Nf3  d5
 3. Nc3  Bg4  4. h3
 Bxf3  5. Qxf3  e6
 6. d3  Nd7  7. a3
 g6  8. g3  Bg7 
9. Bg2  Ne7  10. O-O  O-O
 11. Qe2  Qb6  12. Rd1
 d4  13. Nb1  e5 
14. Nd2  Rae8  15. c3  Nc5
 16. Nc4  Qd8  17. Qc2
 Ne6  18. a4  Kh8
 19. Qb3  Qd7  20. h4
 f5  21. exf5  gxf5
 22. Re1  Nc5  23. Qc2
 dxc3  24. Nxe5  Bxe5
 25. Rxe5  Qxd3  26. Qxc3
 Qxc3  27. bxc3  Nd3
 28. Re3  Nxc1  29. Rxc1
 f4  30. Re4  fxg3
 1/2-1/2

[Event "13th World University Championship - MEN"]
[Site "Katowice"]
[Date "2014.08.20"]
[Round "4"]
[White "Piorun, Kacper"]
[Black "Gloor, Roger"]
[Result "1-0"]
[LiveChessVersion "1.4.4"]
[BlackElo "2364"]
[WhiteElo "2560"]

1. c4  e5  2. g3  Nf6
 3. Bg2  Bc5  4. Nc3
 Nc6  5. e3  O-O 
6. Nge2  Re8  7. O-O  d6
 8. a3  a5  9. b3
 Bg4  10. h3  Bh5
 11. g4  Bg6  12. d4
 Bb6  13. Nd5  exd4
 14. Nxb6  cxb6  15. Nxd4
 Be4  16. f3  Bg6
 17. e4  Nd7  18. a4
 Qf6  19. Be3  Nc5
 20. Nb5  Rad8  21. Ra2
 Rd7  22. Rd2  Red8
 23. Re1  Nb4  24. f4
 Nxe4  25. Rd4  Qh4
 26. Bxe4  Nd3  27. Rxd3
 Qg3+  28. Bg2  Bxd3
 29. Bf2  1-0

[Event "13th World University Championship - MEN"]
[Site "Katowice"]
[Date "2014.08.20"]
[Round "4"]
[White "Lou, Yiping"]
[Black "Olszewski, Michal"]
[Result "1-0"]
[LiveChessVersion "1.4.4"]
[BlackElo "2555"]
[WhiteElo "2466"]

1. d4  Nf6  2. c4  e6
 3. Nc3  Bb4  4. Qc2
 O-O  5. Nf3  c5 
6. dxc5  Na6  7. c6  bxc6
 8. g3  d5  9. Bg2
 Re8  10. O-O  e5
 11. Bg5  h6  12. Bxf6
 Qxf6  13. cxd5  Bxc3
 14. Qxc3  cxd5  15. e3
 Bg4  16. Nd2  Rad8
 17. Rac1  Qb6  18. Qa3
 Nb4  19. Rc3  a5
 20. Rfc1  d4  21. Nc4
 Qe6  22. Rb3  Be2
 23. Qxa5  Nxa2  24. Rb6
 Qxb6  25. Qxb6  Nxc1
 26. Nd6  Rf8  27. exd4
 exd4  28. Qxd4  Rd7
 29. Bc6  Bd3  30. Qe5
 Ra7  31. b4  Bg6
 32. h4  Nd3  33. Qd4
 Re7  34. h5  Bh7
 35. b5  Re1+  36. Kg2
 Rd1  37. Kh3  Rd2
 38. Qe3  Nxf2+  39. Kh4
 Rb2  40. g4  Nd3
 41. Bd5  g5+  42. hxg6
 Bxg6  43. b6  Rb4
 44. Bc4  Nb2  45. Qc5
 Ra4  46. Bb3  Nd3
 47. Qe3  Rb4  48. Bc4
 Nb2  49. Qc5  Ra4
 50. b7  Nxc4  51. Nxc4
 h5  52. Qxf8+  Kxf8
 53. b8=Q+  Kg7  54. Qb3
 1-0

[Event "13th World University Championship - MEN"]
[Site "Katowice"]
[Date "2014.08.20"]
[Round "4"]
[White "Nenezic, Marko"]
[Black "Chen, Peng"]
[Result "0-1"]
[LiveChessVersion "1.4.4"]
[BlackElo "2198"]
[WhiteElo "2430"]

1. d4  Nf6  2. c4  e6
 3. Nc3  c5  4. d5
 exd5  5. cxd5  d6
 6. e4  g6  7. f4
 Bg7  8. Bb5+  Nfd7
 9. Nf3  O-O  10. O-O
 a6  11. Bd3  b5 
12. Kh1  Nf6  13. e5  Ne8
 14. Be4  Ra7  15. Be3
 Re7  16. Qd2  Bg4
 17. Bc2  Nd7  18. Ng5
 Qb8  19. h3  Bf5
 20. Bxf5  gxf5  21. e6
 fxe6  22. Nxe6  Rff7
 23. Rae1  Ndf6  24. Ng5
 Rf8  25. Bg1  Rxe1
 26. Qxe1  Nc7 27. Qb1  b4
 28. Ne2  h6  29. Nf3
 Ne4  30. b3  Qb5
 31. Re1  Nxd5  32. Qd1
 Ndc3  33. Nxc3  bxc3
 34. Qd5+  Kh8  35. Nh4
 Qe8  36. Kh2  Qh5
 37. Rxe4  Qxh4  38. g3
 Qh5  39. Re6  c2
 40. Qd2  Qd1  41. Be3
 d5 42. Qg2  d4  43. Bd2
 c1=Q  44. Bxc1  Qxc1
 45. h4  d3  46. Qc6
 Qb2+  47. Kh3  Kh7
 48. Qd7  Qd4  49. Rd6
 d2  0-1

[Event "13th World University Championship - MEN"]
[Site "Katowice"]
[Date "2014.08.20"]
[Round "4"]
[White "Carlos Arriaga, Jesus Roberto"]
[Black "Gergacz, Attila"]
[Result "1/2-1/2"]
[LiveChessVersion "1.4.4"]
[BlackElo "2374"]
[WhiteElo "2118"]

1. Nf3  Nf6  2. c4  d6
 3. d4  g6  4. Nc3
 Bg7  5. e4  O-O 
6. Be2  e5  7. dxe5  dxe5
 8. Qxd8  Rxd8  9. Bg5
 c6  10. h3  Na6 
11. Be3  Nh5  12. O-O  Nf4
 13. Rfd1  Nxe2+  14. Nxe2
 Re8  15. b3  f5 
16. Ne1  f4  17. Bc1  Nc5
 18. f3  h5  19. Bb2
 Kf7  20. Nc1  Ne6
 21. Ncd3  Nf8  22. Nc2
 g5  23. c5  Ng6 
24. Na3  Be6  25. Bc3  Rad8
 26. Nb2  Bf8  27. b4
 g4  28. hxg4  hxg4
 29. Nac4  Kf6  30. Kf2
 Bg7  31. Nd6  Re7
 32. Rh1  g3+  33. Ke2
 Rxd6  34. cxd6  Rd7
 35. Rad1  Bf8  36. a3
 Kg5  37. Nd3  Bxd6
 38. Nc5  Bxc5  39. Rxd7
 Bxd7  40. bxc5  Be6
 1/2-1/2

[Event "13th World University Championship - MEN"]
[Site "Katowice"]
[Date "2014.08.20"]
[Round "4"]
[White "Tomazini, Zan"]
[Black "Gaehler, Marco"]
[Result "1-0"]
[LiveChessVersion "1.4.4"]
[BlackElo "2315"]
[WhiteElo "2371"]

1. e4  e6  2. d4  d5
 3. Nd2  a6  4. Ngf3
 Nf6  5. e5  Nfd7
 6. Bd3  c5  7. c3
 Nc6  8. O-O  g5 
9. Nb1  h6  10. Bc2  b5
 11. Ne1  Qb6  12. Be3
 Be7  13. Nd2  Bb7
 14. Qh5  cxd4  15. cxd4
 Ncxe5  16. dxe5  d4
 17. Bxg5  Bxg5  18. Ne4
 Be7  19. Rd1  Rc8
 20. Bb1  Nc5  21. Nf6+
 Bxf6  22. exf6  Nd7
 23. Qh4  Qd8  24. Rxd4
 Qxf6  25. Qxf6  Nxf6
 26. Nd3  Rg8  27. f3
 Ke7  28. Kf2  Rg5
 29. Re1  Nd7  30. Rd1
 Nb6  31. Nb4  Rc4
 32. b3  Rxd4  33. Rxd4
 Rc5  34. Nd3  Rh5
 35. h3  Rg5  36. Rh4
 h5  37. Nf4  Rc5
 38. Rxh5  Rc1  39. Bd3
 Ra1  40. Rh7  Rxa2+ 41. Kg3
 e5  42. Ng6+  Kf6
 43. Nh8  Bd5  44. Nxf7
 Bxf7  45. Rh6+  Kg7
 46. Rxb6  Bxb3  47. h4
 Bf7  48. Be4  Bc4
 49. h5  Bf1  50. h6+
 Kf8  51. Rb8+  Ke7
 52. h7  Rxg2+  53. Kh4
 a5  54. h8=Q  Rh2+
 55. Kg5  Rxh8  56. Rxh8
 a4  57. Kf5  Kd6
 58. Rh6+  Kc5  59. Kxe5
 a3  60. Rc6+  Kb4
 61. Bd5  Bd3  62. Kd4
 Bb1  63. Ra6  Bf5
 64. f4  1-0

[Event "13th World University Championship - MEN"]
[Site "Katowice"]
[Date "2014.08.20"]
[Round "4"]
[White "Spalir, Jernej"]
[Black "Nuri, Kambez"]
[Result "1-0"]
[LiveChessVersion "1.4.4"]
[BlackElo "2322"]
[WhiteElo "2243"]

1. d4  Nf6  2. c4  g6
 3. Nc3  Bg7  4. e4
 d6  5. Nf3  O-O 
6. Be2  Nbd7  7. O-O  e5
 8. Re1  c6  9. Bf1
 exd4  10. Nxd4  Ng4
 11. Qxg4  Bxd4  12. Qd1
 Qf6  13. Be3  Bxe3
 14. Rxe3  Ne5  15. h3
 Be6  16. b3  Rad8
 17. Qc2  a6  18. Rd1
 b5  19. cxb5  axb5
 20. a4  b4  21. Nb1
 d5  22. exd5  cxd5
 23. Qc5  Rb8  24. Bb5
 Rfd8  25. Qd4  Nd7
 26. Qxb4  d4  27. Rxd4
 Nc5  28. Rxd8+  Rxd8
 29. Nd2  Qb2  30. Nf1
 Nxb3  31. Rxe6  fxe6
 32. Bc4  Rf8  33. Qxb3
 Qxf2+  34. Kh1  Kg7
 35. Qc3+  Qf6  36. Qxf6+
 Kxf6  37. a5  Ke5
 38. a6  Kd4  39. Be2
 e5  40. Ng3  Ra8
 41. Kg1  Ra7  42. Kf2
 e4  43. Nf1  h6 
44. Kg3  Rf7  45. Nh2  h5
 46. Bb5  Kc5  47. Be2
 Kd4  48. Nf3+  exf3
 49. Bxf3  Ra7  50. Bb7
 Ke5  51. Kf3  Kf5
 52. Ke3  g5  53. g3
 Ke5  54. g4  h4 
55. Ke2  Ke6  56. Kd3  Kd7
 57. Ke4  Ke6  58. Bc8+
 Kf6  59. Kd5  Rc7
 60. Bb7  Rd7+  61. Ke4
 Re7+  62. Kf3  Kg6
 63. a7  Rxb7  64. a8=Q
 Rf7+  65. Ke4  1-0

[Event "13th World University Championship - MEN"]
[Site "Katowice"]
[Date "2014.08.20"]
[Round "4"]
[White "Katsuta, Yuki"]
[Black "Petrosyan, Tigran S."]
[Result "0-1"]
[LiveChessVersion "1.4.4"]
[BlackElo "2421"]
[WhiteElo "1917"]

1. d4  d5  2. c4  e6
 3. Nc3  Be7  4. Nf3
 Nf6  5. Bg5  h6 
6. Bh4  O-O  7. e3  b6
 8. cxd5  Nxd5  9. Bxe7
 Qxe7  10. Nxd5  exd5
 11. Bd3  c5  12. O-O
 c4  13. Bc2  Nd7
 14. Re1  Bb7  15. Qb1
 Nf6  16. Ne5  b5
 17. b3  Nd7  18. Nxd7
 Qxd7  19. e4  dxe4
 20. bxc4  bxc4  21. Bxe4
 Rab8  22. Bxb7  Rxb7
 23. Qe4  c3  24. Rac1
 Rc8  25. Qd3  Rbc7
 26. Re2  Rc4  27. d5
 R4c5  28. d6  R5c6
 29. Re7  Qxd6  30. Qxd6
 Rxd6  31. Rxa7  c2
 32. Re7  Rd1+  33. Re1
 Rxe1+ 0-1

[Event "13th World University Championship - MEN"]
[Site "Katowice"]
[Date "2014.08.20"]
[Round "4"]
[White "Grandadam, Nicolas"]
[Black "Oliveira, Fernando Henrique"]
[Result "1/2-1/2"]
[LiveChessVersion "1.4.4"]
[BlackElo "2178"]
[WhiteElo "2307"]

1. Nf3  g6  2. c4  Bg7
 3. e4  d6  4. d4
 Nf6  5. Nc3  O-O
 6. Be2  e5  7. Be3
 exd4  8. Nxd4  Re8
 9. f3  c6  10. Bf2
 d5  11. exd5  cxd5
 12. O-O  Nc6  13. c5
 Qe7  14. Bb5  Bd7
 15. Qd2  a6  16. Bxc6
 Bxc6  17. b4  Qe5
 18. a4  Nh5  19. g3
 Nf6  20. b5  Bd7
 21. c6  bxc6  22. bxc6
 Bh3  23. Rfe1  Qd6
 24. Rxe8+  Rxe8  25. a5
 Nh5  26. Nce2  Be5
 27. Rc1  Ng7  28. Be3
 Nf5  29. Nxf5  Bxf5
 30. Bd4  h5  31. Bxe5
 Qxe5  32. Nd4  Bc8
 33. Kf2  h4  34. Qf4
 hxg3+  35. hxg3  Qh5
 36. g4  Qh4+  37. Qg3
 Qf6  38. Rd1  Kg7
 39. Kg2  Re3  40. Kf2
 Ra3  41. g5  Ra2+
 42. Kg1  Qe7  43. Re1
 Qb4  44. Qe5+  1/2-1/2

[Event "13th World University Championship - MEN"]
[Site "Katowice"]
[Date "2014.08.20"]
[Round "4"]
[White "Malgie, Avikaar"]
[Black "Garcia Guerrero, Isaac Antonio"]
[Result "0-1"]
[LiveChessVersion "1.4.4"]
[BlackElo "2300"]
[WhiteElo "1829"]

1. e4  c5  2. Nf3  g6
 3. c3  Bg7  4. d4
 cxd4  5. cxd4  d5
 6. e5  Bg4  7. Be2
 Nc6  8. Nc3  Nh6
 9. h3  Bxf3  10. Bxf3
 e6  11. g4  O-O 
12. h4  f6  13. g5  fxg5
 14. h5  Nf5  15. hxg6
 Nfxd4  16. gxh7+  Kh8
 17. Bg2  Nxe5  18. Be3
 Ndf3+  19. Ke2  d4
 20. Ne4  dxe3  21. fxe3
 Qb6  22. Bxf3  Qxb2+
 23. Qd2  Qb5+  24. Kf2
 Nxf3  25. Qd1  Nd2+
 0-1

[Event "13th World University Championship - MEN"]
[Site "Katowice"]
[Date "2014.08.20"]
[Round "4"]
[White "Wyss, Jonas"]
[Black "Kobayashi, Atsuhiko"]
[Result "0-1"]
[LiveChessVersion "1.4.4"]
[BlackElo "2089"]
[WhiteElo "2276"]

1. e4  c5  2. Nf3  e6
 3. d4  cxd4  4. Nxd4
 Nc6  5. Nc3  Qc7
 6. Be3  a6  7. Qd2
 Nf6  8. O-O-O  Be7
 9. f3  h5  10. Kb1
 b5  11. Qf2  Bb7
 12. Nb3  d6  13. Bd3
 Ne5  14. Bb6  Qc8
 15. Na5  Bc6  16. Qg3
 O-O  17. Bd4  Ned7
 18. f4  b4  19. Nxc6
 Qxc6  20. Ne2  Rfc8
 21. e5  Ne8  22. Qh3
 h4  23. g3  a5 
24. gxh4  a4  25. Qg4  Nc5
 26. Bxc5  dxc5  27. f5
 Rab8  28. f6  Bxf6
 29. exf6  Nxf6  30. Qc4
 b3  31. cxb3  Rb4
 32. Qa6  Qc7  33. Nc3
 axb3  34. a3  Rxh4
 35. Nb5  Qb8  36. Nd6
 Rd8  37. Qb7  Qxd6
 38. Bh7+  Kxh7  39. Rxd6
 Rxd6  40. Qxb3  Ne4
 41. Ka2  f5  42. Qb7
 Rg4  43. h3  Rg2
 44. a4  c4  45. Ka1
 Rdd2  46. Qb4  c3
 47. bxc3  Rc2  48. a5
 Nxc3  49. Qh4+  Kg6
 0-1

[Event "13th World University Championship - MEN"]
[Site "Katowice"]
[Date "2014.08.20"]
[Round "4"]
[White "Bornheim, Darren"]
[Black "Galmandakh, Badrakh"]
[Result "1/2-1/2"]
[LiveChessVersion "1.4.4"]
[BlackElo "2264"]
[WhiteElo "1792"]

1. d4  d6  2. Nf3  Nf6
 3. c4  Bg4  4. h3
 Bh5  5. g4  Bg6 
6. Qb3  Qc8  7. Bg2  c6
 8. Nc3  Nbd7  9. Bf4
 Qc7  10. Rd1  Qb6
 11. O-O  e6  12. Rfe1
 Ne4  13. Qxb6  axb6
 14. Nxe4  Bxe4  15. a3
 Ra4  16. Rc1  Be7
 17. Red1  O-O  18. Nd2
 Bxg2  19. Kxg2  d5
 20. cxd5  exd5  21. Nb1
 b5  22. Nc3  Ra6
 23. e4  dxe4  24. Nxe4
 Nb6  25. Nc3  b4
 26. axb4  Bxb4  27. d5
 Bxc3  28. dxc6  Bxb2
 29. cxb7  Bxc1  30. b8=Q
 Rxb8  31. Bxb8  Bg5
 32. Rd6  Be7  33. Rc6
 Bd8  34. Rd6  Be7
 35. Rc6  f6  36. Bc7
 Nd5 37. Rxa6 Nxc7  38. Ra5  Ne6
 39. Ra4  g5  40. h4
 gxh4  41. Kh3  h5
 42. Kxh4  hxg4  43. Kxg4
 Kf7  44. f4  Nc5
 45. Ra2  Bd6  46. f5
 Nd7  47. Ra7  Ke8
 48. Ra8+  Ke7  49. Ra7
 Bc5  50. Ra6  Ne5+
 51. Kf4  Kf7  52. Ke4
 Bf2  53. Ra2  Bc5
 54. Ra5  Bd6  55. Kd5
 Be7  56. Ra6  Nd3
 57. Ra7  Nf2  58. Ra1
 Nh3  59. Ra7  Ng5
 60. Rb7  Nf3  61. Ke4
 Nd2+  62. Kd5  Nf1
 63. Rb3  Nh2  64. Rh3
 Ng4  65. Rh7+  Kf8
 66. Ke6  Bc5  67. Rc7
 1/2-1/2

[Event "13th World University Championship - MEN"]
[Site "Katowice"]
[Date "2014.08.20"]
[Round "4"]
[White "Ayala Pena, Eduardo Azael"]
[Black "Mafanya, Kulasande"]
[Result "1/2-1/2"]
[LiveChessVersion "1.4.4"]
[BlackElo "1847"]
[WhiteElo "2190"]

1. d4  Nf6  2. Bg5  c5
 3. d5  Qb6  4. Nc3
 d6  5. e4  Nbd7 
6. Rb1  a6  7. Nf3  g6
 8. Bd3  Bg7  9. O-O
 O-O  10. Qd2  Re8
 11. Rfe1  Ng4  12. h3
 Nge5  13. Nxe5  Nxe5
 14. Be3  Bxh3  15. f4
 Nxd3  16. cxd3  Bd7
 17. b4  Bd4 18. Ne2  Bxe3+
 19. Qxe3 Rac8  20. f5  Qc7
 21. Rbc1  b6  22. Rf1
 Kg7  23. fxg6  hxg6
 24. Rxf7+  Kxf7  25. Qh6
 Rh8  26. Rf1+  Bf5
 27. Qe3  Rcg8  28. exf5
 gxf5  29. Ng3  Ke8
 30. Nxf5  Rh5  31. Qe6
 Rhg5  32. Nxd6+  1/2-1/2

[Event "13th World University Championship - MEN"]
[Site "Katowice"]
[Date "2014.08.20"]
[Round "4"]
[White "Tanaka, Toshiki"]
[Black "Chettiar, Evasan"]
[Result "0-1"]
[LiveChessVersion "1.4.4"]
[BlackElo "1869"]
[WhiteElo "1848"]

1. e4  c5  2. Nf3  Nc6
 3. d4  cxd4  4. Nxd4
 g6  5. Nc3  Bg7 
6. Be3  Nf6  7. Bc4  Qa5
 8. Nb3  Qb4  9. Bd3
 Nxe4  10. Bxe4  Bxc3+
 11. bxc3  Qxe4  12. O-O
 O-O  13. Re1  Qh4
 14. Nd2  d6  15. Nf3
 Qh5  16. h3  Be6
 17. Rb1  b6  18. a3
 Rac8  19. Bd2  Rfe8
 20. Re4  Bd5  21. g4 Qxh3
 22. Ng5  Qh4  23. Nf3
 Qf6  24. Rf4  Qg7
 25. c4  Be6  26. Ng5
 Bd7  27. Rxf7  Qd4
 28. Rf4  Qc5  29. Rb5
 Qxa3  30. Bc1  Qa1
 31. Nf7  Nd4  32. Nh6+
 Kg7  33. Rd5  Ne2+
 0-1

[Event "13th World University Championship - MEN"]
[Site "Katowice"]
[Date "2014.08.20"]
[Round "4"]
[White "Hardwarsingh, Vishay"]
[Black "Sikivou, Taione"]
[Result "0-1"]
[LiveChessVersion "1.4.4"]
[BlackElo "1817"]
[WhiteElo "1596"]

1. e4  c6  2. Nf3  d5
 3. e5  c5  4. d4
 Nc6  5. c3  Bg4 
6. Be3  e6  7. Be2  Nge7
 8. O-O  Nf5  9. Qd2
 Qb6  10. h3  Bxf3
 11. Bxf3  cxd4  12. cxd4
 Nfxd4  13. Bg4  h5
 14. Bd1  Bc5  15. Ba4
 Nf5  16. Bxc5  Qxc5
 17. Rc1  Qb6  18. Na3
 O-O  19. Bxc6  bxc6
 20. Rc3  Rab8  21. Rb1
 Rfc8  22. Nc2  c5
 23. g4  hxg4  24. hxg4
 Ne7  25. Qg5  Ng6
 26. Rh3  Qd8  27. Qh5
 Kf8  28. Rf3  Ke8
 29. Ne3  Qh4  30. b3
 Qxh5  31. gxh5  Nxe5
 32. Rg3  Kf8  33. Kh2
 Rb4  34. Rh3  Rf4
 35. Rf1  Kg8  36. h6
 g6  37. f3  Kh7 
38. Kg3  g5  39. Ng2  Rd4
 40. Rh5  f6  41. f4
 Rd3+  42. Kh2  Kg6
 43. fxg5  fxg5  44. Nf4+
 gxf4  45. Rxe5  Re3
 46. Rg1+  Kh7  47. Rg7+
 Kxh6  48. Reg5  Rg3
 49. R7g6+  Kh7  50. Rg7+
 Kh8  51. Rxg3  fxg3+
 52. Rxg3  c4  53. Rg6
 c3  0-1

[Event "13th World University Championship - MEN"]
[Site "Katowice"]
[Date "2014.08.20"]
[Round "5"]
[White "Swiercz, Dariusz"]
[Black "Bukavshin, Ivan"]
[Result "1/2-1/2"]
[LiveChessVersion "1.4.4"]
[BlackElo "2603"]
[WhiteElo "2611"]

1. c4 e5  2. g3  Nf6
 3. Bg2  d5  4. cxd5
 Nxd5  5. Nc3  Nb6
 6. Nf3  Nc6  7. O-O
 Be7  8. a3  O-O 
9. d3  Be6  10. Be3  Nd5
 11. Nxd5  Bxd5  12. Qa4
 Re8  13. Rac1  a6
 14. Rfd1  Rb8  15. Re1
 Bf6  16. Nd2  Bxg2
 17. Kxg2  Nd4  18. Qa5
 Rc8  19. Bxd4  exd4
 20. Qf5  Re5  21. Qf3
 c6  22. b4  g6 
23. Rc5  Re6  24. Ne4  Be7
 25. Rc4  Re5  26. e3
 dxe3  27. Rxe3  Qd7
 28. Nc5  Rxe3  29. Qxe3
 Bxc5  30. bxc5  Rd8
 1/2-1/2

[Event "13th World University Championship - MEN"]
[Site "Katowice"]
[Date "2014.08.20"]
[Round "5"]
[White "Grigoryan, Karen H."]
[Black "Piorun, Kacper"]
[Result "1-0"]
[LiveChessVersion "1.4.4"]
[BlackElo "2560"]
[WhiteElo "2595"]

1. c4  c5  2. Nf3  Nf6
 3. Nc3  g6  4. d4
 cxd4  5. Nxd4  d5
 6. cxd5  Nxd5  7. Ndb5
 Nxc3  8. Qxd8+  Kxd8
 9. Nxc3  Bg7  10. Bd2
 Be6  11. g3  Nc6
 12. Bg2  Ke8  13. O-O
 f5  14. Na4  Rd8
 15. Rfd1  Kf7  16. Nc5
 Bc8  17. Bc3  Nd4
 18. Kf1  b6  19. Nd3
 e5  20. Rac1  e4
 21. Nf4  Ne6  22. Bxg7
 Kxg7  23. Ke1  Rxd1+
 24. Kxd1  Rd8+  25. Ke1
 Kf6  26. e3  Nxf4
 27. gxf4  Be6  28. a3
 Rd6  29. Bf1  a5
 30. Rc7  h6  31. h4 Bb3
 32. Be2  h5  33. Rc3
 Ba4  34. b3  Bc6 35. b4
 axb4  36. axb4  Ke7
 37. Ra3  Bd7  38. Ra8
 Bc6  39. Rb8  Bd7
 40. Bc4  Be6  41. Rb7+
 Kf6  42. Bb5  Bf7
 43. Rd7  Rxd7  44. Bxd7
 Ke7  45. Bb5  Be8
 46. Be2  Bc6  47. Kd2
 Kd6  48. Kc3  Bd5
 49. Kd4  Bf7  50. Bb5
 Ke7  51. Ke5  Bb3
 52. Bc6  Bf7  53. f3
 exf3  54. Bxf3  Be8
 55. Be2  Bc6  56. Bc4 Be4
 57. Bd5  Bc2  58. Kd4
 Ba4  59. e4  Bc2
 60. e5  Ba4  61. Bb7
 Bb3  62. Ba6  Bf7
 63. Bb5  Be6  64. Bc6
 Bf7  65. Bd5  Be8
 66. Kc4  Bd7 67. Bb7  Ke6
 68. Kd4  Ba4  69. Bc8+
 Ke7  70. Kd5  Be8
 71. Ba6  Ba4 72. Be2  Kd7
 73. e6+  Ke7  74. b5
 Bb3+  75. Kc6  Kxe6
 76. Kxb6  Kd6  77. Ka7
 Kc5  78. b6  Bd5
 79. Ba6 Kd6  80. Bb7  Be6
 81. Bc6 Bc8 82. Be8  1-0

[Event "13th World University Championship - MEN"]
[Site "Katowice"]
[Date "2014.08.20"]
[Round "5"]
[White "Chen, Peng"]
[Black "Bernasek, Jan"]
[Result "0-1"]
[LiveChessVersion "1.4.4"]
[BlackElo "2536"]
[WhiteElo "2198"]

1. e4  c5  2. Nf3  d6
 3. d4  cxd4  4. Nxd4
 Nf6  5. Nc3  a6 
6. Bg5  e6  7. f4  h6
 8. Bh4  Qb6  9. Qd2
 Qxb2  10. Rb1  Qa3
 11. Bxf6  gxf6  12. f5
 Nc6  13. fxe6  fxe6
 14. Bc4  Nxd4  15. Qxd4
 Be7  16. Rf1  b5
 17. Bb3  Qc5  18. Qd3
 Bd7  19. Ne2  Qe5
 20. Kd2  Rg8  21. Nf4
 Rc8  22. Rbe1  Bd8
 23. c3  Ba5  24. Rc1
 h5  25. Qh3  Rg4
 26. Qxh5+  Qxh5  27. Nxh5
 Rxg2+  28. Kd3  Ke7
 29. Nxf6  Rh8  30. Rf3
 Rhxh2  31. Rc2  Rxc2
 32. Bxc2  Bc6  33. Bb3
 Rg2  34. Nh5  Rg4
 35. Rf4  Rg5  36. Rh4
 e5  37. Rh3  Bd7
 38. Rh2  Be8  39. Bd1
 Bf7  40. a3  Bb6
 41. Rh3  Bc4+  42. Kd2
 Rg2+  43. Kc1  Bc5
 44. Rg3  Bxa3+  45. Kb1
 Rb2+  46. Ka1  Rd2
 47. Bg4  Rf2  48. Rf3
 Bb2+  49. Kb1  Rxf3
 50. Bxf3  Bxc3  51. Ng3
 a5  52. Bg4  Bb4
 53. Be2  Bxe2  54. Nxe2
 d5  55. exd5  Kd6
 56. Kc2  Kxd5  57. Kb3
 Be1  58. Kc2  a4
 0-1